01920 a2200253 450000500170000000800410001704000500005804100080010824500700011626000640018630000330025050004260028350501840070950501640089350501800105750501050123750801690134254600230151165000270153465000360156165000240159770000190162171000260164020140813102722.0140813s205 xxua gs|||| 00| 0 eng d aCO-BoUCMbspacJose A. GerenadJose A. Gerena0 aeng14aThe Simpsonsbthe complete sixth seasonccreado por Matt Groening aLos Ángeles (Estados Unidos)bTwentieth Century Foxc2005 a4 DVDbimagen, sonido, color aSINOPSIS. es una serie estadounidense de comedia, en formato de animación, creada por Matt Groening para Fox Broadcasting Company y emitida en varios países del mundo. La serie es unasátira de la sociedad estadounidense que narra la vida y el día a día de una familia de clase media de ese país (cuyos miembros son Homer, Marge, Bart, Lisa y Maggie Simpson) que vive en un pueblo ficticio llamadoSpringfield.  gDisco 1.tBart of Darkness. -- Lisa’s Rival. -- Another Simpsons Clip Show. -- Itchy & Scratchy Land. -- Sideshow Bob Roberts. -- Treehouse of Horror V. -- Bart’s Girlfriend). gDisco 2.tLisa on Ice. -- Homer: Bad Man. -- Grampa vs. Sexual Inadequacy. -- Fear of Flying. -- Homer the Great. -- And Maggie Makes three. -- Bart’s Comet. gDisco 3.tHomie the Clown. -- Bart vs. Australia. -- Homer vs. Patty and Selma. -- A Star is Burns. -- Lisa’s Wedding. -- Two Dozens and One Greyhounds. -- The PTA Disbands. gDisco 4.tRound Springfield. -- The Springfield Connection. -- Lemon of Troy. -- Who Shot Mr. Burns? aCRÉDITOS: Creado por Marr Groening; desarrollado por Jones L. Brooks, Matt Groening, Sam Simon; producción ejecutiva Jones L. Brooks, Matt Groening, Sam Simon. aAudio en inglés. 7aDibujos animados vDVD 7aProgramas de televisión vDVD 7aVida familiar vDVD1 aGroening, matt2 aTwentieth Century Fox